LIBRARY & INFORMATION CENTRE, KCAET, TAVANUR

ONLINE PUBLIC ACCESS CATALOGUE (OPAC)

Text book of surveying / (Record no. 2460)

MARC details
000 -LEADER
fixed length control field 00381cam a2200157ua 4500
008 - FIXED-LENGTH DATA ELEMENTS--GENERAL INFORMATION
fixed length control field 250106b |||||||| |||| 00| 0 eng d
041 ## - LANGUAGE CODE
Language code of text/sound track or separate title eng
082 ## - DEWEY DECIMAL CLASSIFICATION NUMBER
Classification number 624.1517
100 ## - MAIN ENTRY--AUTHOR NAME
Personal name Nagaraj, MS
245 ## - TITLE STATEMENT
Title Text book of surveying /
250 ## - EDITION STATEMENT
Edition statement 2 /
260 ## - PUBLICATION, DISTRIBUTION, ETC. (IMPRINT)
Place of publication New Delhi :
Name of publisher S.Chand and Co ,
Year of publication 1968.
300 ## - PHYSICAL DESCRIPTION
Number of Pages 623 ; .
700 1# - ADDED ENTRY--PERSONAL NAME
Personal name Husain, S K.
942 ## - ADDED ENTRY ELEMENTS (KOHA)
Koha item type Books
Holdings
Withdrawn status Lost status Damaged status Home library Current library Date acquired Full call number Accession Number Koha item type
    Damaged KAUAET KAUAET 07/04/2012 624.1517 13411 Books
free website counter